| 000 | 00000nam 2200000zi 4500 |
| 001 | 9.945386 |
| 003 | CaOODSP |
| 005 | 20241120143937 |
| 006 | m o d f |
| 007 | cr |n||||||||| |
| 008 | 241120e198308 onc o f000 0 eng d |
| 020 | |z066212748X |
| 040 | |aCaOODSP|beng|erda|cCaOODSP |
| 043 | |an-cn--- |
| 086 | 1 |aC2-75/1983E-PDF|zC2-75/1983E |
| 245 | 00|aInterim Report of the Forest Industries Advisory Committee to the Honourable Edward C. Lumley, Minister of Industry, Trade and Commerce and Regional Economic Expansion. |
| 264 | 1|aOttawa, Ontario : |b[Department of Industry, Trade and Commerce and Regional Economic Expansion], |cAugust 1983. |
| 264 | 4|c©1983 |
| 300 | |a1 online resource (1 volume (various pagings)) |
| 336 | |atext|btxt|2rdacontent |
| 337 | |acomputer|bc|2rdamedia |
| 338 | |aonline resource|bcr|2rdacarrier |
| 500 | |aDigitized edition from print [produced by Innovation, Science and Economic Development Canada]. |
| 500 | |aIssued also in French under title: Rapport Provisoire du Comité consultatif de l'industries forestière au Ministre de l'Industrie et du Commerce et de l'Expansion économique régionale. |
| 650 | 0|aForests and forestry|xEconomic aspects|zCanada. |
| 650 | 0|aForest products industry|zCanada. |
| 710 | 1 |aCanada. |bDepartment of Industry, Trade and Commerce, |eissuing body. |
| 710 | 1 |aCanada. |bRegional Economic Expansion, |eissuing body. |
| 775 | 08|tRapport Provisoire du Comité consultatif de l'industries forestière au Ministre de l'Industrie et du Commerce et de l'Expansion économique régionale.|w(CaOODSP)9.945388 |
| 856 | 40|qPDF|s1.81 MB|uhttps://publications.gc.ca/collections/collection_2024/isde-ised/c2/C2-75-1983-eng.pdf |